000 01331nam a2200277 a 4500
001 48008
003 BD-RjUL
005 20211209054435.0
008 160420s1963 bg ||||| |||| 00| 0 ben d
020 _c: Tk 4.00
035 _a(BD-RjUL)48127
040 _aBD-RjUL
_bben
_cBD-RjUL
041 _aben
082 _223
_a891.444
_bMOH 1963
100 1 _aচৌধুরী, মুহাম্মদ এয়াকুব আালী
_9145602
245 1 0 _aমুহাম্মদ এয়াকুব আালী চৌধুরীর রচনাবলী :
_cআবদুল কাদির (সম্পাদিত)
_bপুস্তকাকারে-অপ্রকাশিত /
260 _aঢাকা :
_bবাঙলা একাডেমী,
_c১৯৬৩
300 _a[ঢ], ১৩৯ পৃ. ;
_c২১ সেমি.
490 _aআধুনিক সাহিত্য গ্রন্হমালা
_v
600 _aচৌধুরী, মুহাম্মদ এয়াকুব আালী
_9145602
600 _aChowdhury , Mohammad Yaqoub ali
_9145603
650 _aবাংলা সাহিত্য
_vরচনাবলী
_9118114
650 _aBangla Literature
_vEssays
_9145604
700 _aকাদির, আবদুল (সম্পাদিত)
_9145605
942 _2ddc
_cBK
999 _c48008
_d48008